| 000 | 01265nam a22002897a 4500 | ||
|---|---|---|---|
| 003 | OSt | ||
| 005 | 20230608140022.0 | ||
| 007 | cr ||||||a|c|a | ||
| 008 | 230224s2020 mx ||||fom||| 001 0 spa d | ||
| 040 | _erda | ||
| 100 | 1 |
_9186032 _aReina García, Jhusua David |
|
| 245 | 1 |
_aComparación de la dinámica nutrimental en jitomate despuntado en tres racimos entre sistemas hidropónicos abiertos y cerrados / _cpor Jhusua David Reina García; director de tesis Felipe Sánchez del Castillo |
|
| 264 | 1 |
_aChapingo, México : _bEl autor, _c2020. |
|
| 300 | _a1 recurso en línea (98 páginas). | ||
| 336 |
_2rdacontent _atexto _btxt |
||
| 337 |
_2rdamedia _acomputadora _bc |
||
| 338 |
_2rdacarrier _arecurso en línea _bcr |
||
| 502 |
_bMCH _cFitotecnia _d2020. _gMAE |
||
| 504 | _aIncluye referencias bibliográficas: páginas 88-97 | ||
| 650 | 2 |
_9113761 _aTomate _xRendimiento |
|
| 650 | 2 |
_9130911 _aSoluciones nutritivas _xAplicación |
|
| 650 | 2 |
_992857 _aPudrición de la raíz _xTomate |
|
| 650 | 2 |
_9145364 _aCultivos hidropónicos |
|
| 700 | 1 |
_9107463 _aSánchez del Castillo, Felipe _eDirector de tesis |
|
| 856 |
_uhttp://10.13.5.2/tesis/tm/2020_FI_Reina_Garcia_JhusuaDavid.pdf _zDESCARGAR PDF |
||
| 942 |
_2Clasificación Universidad Autónoma Chapingo _cTD |
||
| 999 |
_c218446 _d218446 |
||